000 00686nam a2200277Ia 4500
005 20260324115425.0
008 008 260324s9999 xx 000 0 eng d
020 _a9780429439377
037 _aEBOOK
040 _aCRL
040 _beng
040 _cCRL
041 _2eng
041 _aeng
084 _qCRL
100 _aSergey V. Dorozhkin
_91154608
245 0 _aBiocomposites and Hybrid Biomaterials of Calcium Orthophosphates with Polymers
260 _bTaylor and Francis
260 _c2018
365 _a
365 _b135
856 _uhttp://www.taylorfrancis.com/books/9780429439377
942 _cEBOOK
999 _c1745485
_d1745485